Competition in syntax
Αποθηκεύτηκε σε:
| Άλλοι συγγραφείς: | , |
|---|---|
| Μορφή: | Βιβλίο |
| Γλώσσα: | English |
| Δημοσίευση: |
Berlin; New York :
Mouton de Gruyter,
2001
|
| Σειρά: | Studies in generative grammar ;
; 49 |
| Θέματα: | |
| Ετικέτες: |
Προσθήκη ετικέτας
Δεν υπάρχουν, Καταχωρήστε ετικέτα πρώτοι!
|
MARC
| LEADER | 00000nam a2200000 i 4500 | ||
|---|---|---|---|
| 001 | 1/63505 | ||
| 008 | 071119s2001 eng d | ||
| 020 | |a 3-11-016945-2 (hbk.) | ||
| 035 | |l 10092379 | ||
| 040 | |a GR-MY-UA |b gre |e aacr | ||
| 041 | 0 | |a eng | |
| 082 | 0 | |a 415 |2 (22) | |
| 245 | 1 | 0 | |a Competition in syntax / |c edited by Gereon Muller, Wolfgang Sternefeld |
| 260 | |a Berlin; New York : |b Mouton de Gruyter, |c 2001 | ||
| 300 | |a 410 σ.; |c 23 εκ. | ||
| 490 | 1 | |a Studies in Generative Grammar |v ; 49 | |
| 504 | |a Περιλαμβάνει βιβλιογραφίες και ευρετήριο | ||
| 650 | 0 | 0 | |a Grammar, Comparative and general |x Syntax. |
| 650 | 0 | 0 | |a Optimality theory (Linguistics) |
| 650 | 0 | 0 | |a Minimalist theory (Linguistics) |
| 700 | 1 | |a Muller, Gereon |d 1964- |4 edt | |
| 700 | 1 | |a Sternefeld, Wolfgang |d 1953- |4 edt | |
| 830 | 0 | |a Studies in generative grammar ; |v ; 49 | |
| 852 | |a INST |b RHODES |e 20071119 |h 415 COM |p 005400025119 |q 005400025119 |t BK |y 0 | ||
| 901 | |a BIBL4-2007-3 | ||
| 909 | |a Ρ |b 140059 | ||
| 922 | |a 4ΕΛΗ |b 200710 |c ΕΠΕΑΕΚ2/ΤΜΣ |d ΠΑΠΑΣΩΤΗΡΙΟΥ | ||
| 970 | |a ΧΑΡΙΟΠΟΛΙΤΟΥ |b ΚΩΝΣΤΑΝΤΙΝΑ |z 2007/11/19 | ||